[Event "Blackmar-Diemer Gambit Thematic #2"]
[Site "SchemingMind.com"]
[Date "2018.06.06"]
[Round "-"]
[White "Chessibelle"]
[Black "johanrientsop"]
[Result "0-1"]
[WhiteCountry "ENG"]
[BlackCountry "NED"]
[WhiteElo "1193"]
[WhiteRD "58"]
[BlackElo "1801"]
[BlackRD "82"]
[GameID "429036"]

1. d4 d5 2. Nc3 Nf6 3. e4 dxe4 4. f3 exf3 5. Nxf3 Bg4 6. Be2 e6 7. Bd2 Be7 8. O-O O-O 9. g3 Bh3 10. Re1 Qxd4+
11. Nxd4 Bc5 12. Be3 Nc6 13. Ncb5 Rad8 14. c3 e5 15. b4 Bb6 16. Bd3 exd4 17. Bd2 dxc3+ 18. Be3 Nxb4 19. Qe2 Nxd3 20. Reb1 Bg4
21. Qc2 Bxe3+ 22. Kg2 Nf4+ 23. gxf4 Rd2+ 24. Qxd2 cxd2 25. Nc3 Bxf4 26. Rxb7 Re8 27. Nb5 h6 28. Nc3 Re1 29. Rb8+ Kh7 30. Nd1 Bxd1
31. Rab1 Bc2
0-1

[Event "Blackmar-Diemer Gambit Thematic #2"]
[Site "SchemingMind.com"]
[Date "2018.06.06"]
[Round "-"]
[White "Chessibelle"]
[Black "Johnny Owens"]
[Result "0-1"]
[WhiteCountry "ENG"]
[BlackCountry "USA"]
[WhiteElo "1238"]
[WhiteRD "58"]
[BlackElo "2197"]
[BlackRD "64"]
[GameID "429037"]

1. d4 d5 2. Nc3 Nf6 3. e4 dxe4 4. f3 exf3 5. Nxf3 Bg4 6. Be2 e6 7. Bd2 Nc6 8. O-O Nxd4 9. Bd3 Bc5 10. Kh1 Qe7
11. h3 Bxf3 12. gxf3 O-O-O 13. a3 Nb3 14. cxb3 Rxd3 15. b4 Rhd8 16. Na4 Rxd2 17. Qc1 Nh5 18. Qe1 Qg5 19. Rd1 Qg2#
0-1

[Event "Blackmar-Diemer Gambit Thematic #2"]
[Site "SchemingMind.com"]
[Date "2018.06.05"]
[Round "-"]
[White "Johnny Owens"]
[Black "Chessibelle"]
[Result "1-0"]
[WhiteCountry "USA"]
[BlackCountry "ENG"]
[WhiteElo "2197"]
[WhiteRD "64"]
[BlackElo "1238"]
[BlackRD "58"]
[GameID "429038"]

1. d4 d5 2. Nc3 Nf6 3. e4 dxe4 4. f3 Bf5 5. fxe4 Bg6 6. e5 Nd5 7. Bd3 e6 8. Nf3 h6 9. Bxg6 fxg6 10. O-O Be7
11. Qd3 O-O 12. Qxg6 Nd7 13. Bxh6 Rf7 14. Ng5 N7f6 15. Qxf7+ Kh8 16. Qxg7#
1-0

[Event "Blackmar-Diemer Gambit Thematic #2"]
[Site "SchemingMind.com"]
[Date "2018.06.10"]
[Round "-"]
[White "Chessibelle"]
[Black "Krolewna"]
[Result "1-0"]
[WhiteCountry "ENG"]
[BlackCountry "POL"]
[WhiteElo "1263"]
[WhiteRD "57"]
[BlackElo "1890"]
[BlackRD "63"]
[GameID "429039"]

1. d4 d5 2. Nc3 Nf6 3. e4 dxe4 4. f3 c6 5. Nge2 exf3 6. gxf3 Na6 7. Bg2 e6 8. Bd2 Be7 9. O-O Nc7 10. a3 O-O
11. b4 Nfd5 12. Ne4 f5 13. Qe1 fxe4 14. Qg3 e3 15. Bc1 a5 16. Bb2 Bh4 17. Qg4 b6 18. Rfd1 e5 19. Qe4 Qg5 20. dxe5 Bh3
21. Ng3 Bxg2 22. Kxg2 Rf4 23. Qd3 Raf8 24. Rg1 Rxf3 25. Kh1 Bxg3 26. Rg2 Nf4 27. Qb3+ Ncd5 28. Rd1
1-0

[Event "Blackmar-Diemer Gambit Thematic #2"]
[Site "SchemingMind.com"]
[Date "2018.06.10"]
[Round "-"]
[White "Krolewna"]
[Black "Chessibelle"]
[Result "0-1"]
[WhiteCountry "POL"]
[BlackCountry "ENG"]
[WhiteElo "1890"]
[WhiteRD "63"]
[BlackElo "1263"]
[BlackRD "57"]
[GameID "429040"]

1. d4 d5 2. Nc3 Nf6 3. e4 dxe4 4. f3 Bf5 5. g4 Be6 6. Nxe4 Nbd7 7. Ng5 Bd5 8. Bd3 g6 9. Qe2 Bg7 10. c4 Bc6
11. d5 Nxd5 12. cxd5 Bxd5 13. Bf4 Bc6 14. O-O-O Bd5 15. Kb1 O-O 16. h4 f6 17. Ne6 Bxe6 18. Qxe6+ Rf7 19. Bc4 Qe8 20. Rxd7 Bf8
21. Ne2 a6 22. Rxc7 b5 23. Bb3 Kg7 24. Qxf7+ Qxf7 25. Bxf7 Kxf7 26. Bd6 Ke6 27. Ba3 Kf7 28. Rd1 h6
0-1